El negocio naviero: algunos aspectos importantes
Đã lưu trong:
| Tác giả chính: | |
|---|---|
| Định dạng: | Sách |
| Ngôn ngữ: | Tiếng Tây Ban Nha |
| Được phát hành: |
Valparaíso
Compañía de Navegación Interoceánica S.A., Departamento Control y Costos
1991
|
| Những chủ đề: | |
| Các nhãn: |
Thêm thẻ
Không có thẻ, Là người đầu tiên thẻ bản ghi này!
|
MARC
| LEADER | 00000nam a2200000 a 4500 | ||
|---|---|---|---|
| 001 | UCV4755 | ||
| 003 | CL-VaPUC | ||
| 008 | 920129e19910000CL |||||||||||||||||spa|d | ||
| 082 | 0 | 4 | |a 387.51 |b ARA |2 21 |
| 100 | 0 | |a Araya Rivillo, Ana |e author |9 298954 | |
| 245 | 1 | 3 | |a El negocio naviero: algunos aspectos importantes |
| 300 | |a 92 h | ||
| 942 | |c BK | ||
| 945 | |d 19920129 00:00:00 | ||
| 260 | |a Valparaíso |b Compañía de Navegación Interoceánica S.A., Departamento Control y Costos |c 1991 | ||
| 650 | 7 | |a TRANSPORTE MARITIMO ASPECTOS ECONOMICOS |2 CL-VaPUC |9 261072 | |
| 650 | 0 | |a Marina mercante |9 255383 | |
| 583 | |a last modification |c 19920129 00:00:00 |k Rodrigo Vera | ||
| 999 | |c 211443 |d 211441 | ||